[Event "I Open"]
[Site "Bergamo ITA"]
[Date "2002.07.27"]
[Round "4"]
[White "Pegoraro, Nicola"]
[Black "Casartelli, Fabio"]
[Result "1-0"]
[WhiteElo "2086"]
[BlackElo "1693"]
[PlyCount "89"]
[EventDate "2002.07.26"]

1. e4 e5 2. Nf3 Nf6 3. d4 Nxe4 4. Nxe5 d6 5. Nf3 d5 6. Bd3 Be7 7. O-O O-O 8. c4
Ng5 9. Nxg5 Bxg5 10. Qh5 h6 11. Bxg5 Qxg5 12. Qxg5 hxg5 13. cxd5 Nd7 14. Nc3
Nf6 15. Rfe1 Bd7 16. Re7 Rfe8 17. Rae1 Kf8 18. R7e5 g4 19. Kf1 Rad8 20. Rxe8+
Rxe8 21. Rxe8+ Kxe8 22. Ke2 Ke7 23. Ke3 Kd6 24. Ne4+ Nxe4 25. Bxe4 f5 26. Bc2
Kxd5 27. Bb3+ Kd6 28. Kf4 Be6 29. Bc2 b5 30. a3 a5 31. h4 g6 32. Kg5 Bf7 33.
Kf6 Be8 34. Bb3 Bc6 35. Kxg6 Be4 36. Kg5 c5 37. dxc5+ Kxc5 38. h5 b4 39. Kf4
bxa3 40. bxa3 Kd4 41. h6 Kc3 42. Bd1 Kd2 43. h7 Kxd1 44. h8=Q Bxg2 45. Qb2 1-0

[Event "I Open"]
[Site "Bergamo ITA"]
[Date "2002.07.27"]
[Round "4"]
[White "Piantoni, Roberto"]
[Black "Carrara, Diego"]
[Result "1/2-1/2"]
[WhiteElo "2171"]
[BlackElo "1726"]
[PlyCount "92"]
[EventDate "2002.07.26"]

1. d4 Nf6 2. Bg5 e6 3. e4 Be7 4. Bd3 Nc6 5. c3 d6 6. Nd2 e5 7. d5 Nb8 8. f4
exf4 9. Bxf4 Nbd7 10. Ngf3 Nc5 11. Bc2 Bg4 12. h3 Nh5 13. Be3 Bh4+ 14. Bf2
Bxf2+ 15. Kxf2 Bxf3 16. Nxf3 O-O 17. Qd4 Nd7 18. g3 Qf6 19. Qxf6 Nhxf6 20. Rhe1
Rae8 21. Re2 Ne5 22. Nd4 a6 23. Rae1 g6 24. Bb1 Re7 25. Nb3 Kg7 26. Nd2 Nfd7
27. Kg2 Nb6 28. b3 Nbd7 29. a4 Nc5 30. Re3 Rfe8 31. Bc2 Ncd7 32. a5 Nf6 33. Rb1
Ned7 34. c4 Ng8 35. Rbe1 Ngf6 36. Nb1 Ne5 37. Nc3 Nfd7 38. Ne2 Nc5 39. Nd4 Ncd7
40. g4 h6 41. Kg3 Kg8 42. Rf1 Kg7 43. Ne2 Kg8 44. Nf4 Kg7 45. h4 Rh8 46. Re2
Nf6 1/2-1/2

[Event "I Open"]
[Site "Bergamo ITA"]
[Date "2002.07.27"]
[Round "4"]
[White "Pinarelli, Giuseppe"]
[Black "Vezzosi, Paolo"]
[Result "0-1"]
[WhiteElo "1794"]
[BlackElo "2397"]
[PlyCount "76"]
[EventDate "2002.07.26"]

1. c4 e6 2. g3 d5 3. Bg2 Nf6 4. Nf3 Be7 5. O-O O-O 6. b3 c5 7. Bb2 Nc6 8. d3 d4
9. e4 Nd7 10. a3 e5 11. Nbd2 a6 12. Rb1 b5 13. Ne1 Nb6 14. f4 Qd6 15. f5 Bg5
16. Bc1 Bd7 17. Ndf3 Bxc1 18. Qxc1 Rab8 19. f6 Qxf6 20. cxb5 axb5 21. Nxd4 Nxd4
22. Rxf6 Ne2+ 23. Kf1 Nxc1 24. Rd6 Na2 25. Nf3 f6 26. Rb2 Nc3 27. Rc2 b4 28. a4
Rfd8 29. Nd2 Kf7 30. a5 Nc8 31. Rd5 Nxd5 32. exd5 Nd6 33. Rxc5 Rdc8 34. Rxc8
Rxc8 35. Nc4 Ke7 36. Nb6 Rc1+ 37. Kf2 Rc2+ 38. Kf3 Ra2 0-1

[Event "I Open"]
[Site "Bergamo ITA"]
[Date "2002.07.27"]
[Round "4"]
[White "Rigamonti, Stefano"]
[Black "Venturini, Fabiano"]
[Result "1-0"]
[WhiteElo "1863"]
[BlackElo "1731"]
[PlyCount "59"]
[EventDate "2002.07.26"]

1. e4 c5 2. Nf3 Nc6 3. d4 cxd4 4. Nxd4 Nf6 5. Nc3 e5 6. Ndb5 d6 7. Bg5 a6 8.
Bxf6 gxf6 9. Na3 b5 10. Nd5 f5 11. Bd3 Be6 12. O-O Bg7 13. c4 bxc4 14. Nxc4 O-O
15. Qh5 f4 16. g3 f5 17. gxf4 Ra7 18. Rad1 Kh8 19. Kh1 Ne7 20. Nxe7 Rxe7 21.
exf5 Bxc4 22. Bxc4 exf4 23. b3 Re5 24. Be6 Rf6 25. Qf3 Qe7 26. Qa8+ Rf8 27.
Qxa6 f3 28. Qxd6 Qh4 29. Rg1 Qxf2 30. Qxf8+ 1-0

[Event "I Open"]
[Site "Bergamo ITA"]
[Date "2002.07.27"]
[Round "4"]
[White "Sardo, Andrea"]
[Black "Gosio, Denis"]
[Result "1/2-1/2"]
[WhiteElo "1728"]
[BlackElo "2154"]
[PlyCount "87"]
[EventDate "2002.07.26"]

1. d4 Nf6 2. c4 e6 3. g3 d5 4. Bg2 Be7 5. Nf3 O-O 6. O-O dxc4 7. Qc2 a6 8. Qxc4
b5 9. Qc2 Bb7 10. Nbd2 Nbd7 11. Nb3 Be4 12. Qd1 c5 13. dxc5 Nxc5 14. Nxc5 Bxc5
15. Bf4 Qb6 16. Ne5 Rfd8 17. Qb3 Bd5 18. Bxd5 Nxd5 19. Nd3 Be7 20. Rac1 Rac8
21. Rc2 h6 22. Rfc1 Qb7 23. Nc5 Bxc5 24. Rxc5 Rxc5 25. Rxc5 Nxf4 26. gxf4 Qe4
27. Qc2 Qxf4 28. Rc8 Rxc8 29. Qxc8+ Kh7 30. Qxa6 Qc1+ 31. Kg2 Qxb2 32. e3 Qe5
33. Qb7 Kg6 34. Kf3 f5 35. Qe7 Qd5+ 36. Kg3 Kh7 37. Qe8 Qc4 38. f3 Qc7+ 39. Kg2
Qe5 40. h4 Qxe3 41. h5 Qg5+ 42. Kf2 Qd2+ 43. Kf1 Qd3+ 44. Kf2 1/2-1/2

[Event "I Open"]
[Site "Bergamo ITA"]
[Date "2002.07.27"]
[Round "4"]
[White "Trangoni, Bruno"]
[Black "Bemporad, Filippo"]
[Result "0-1"]
[WhiteElo "1695"]
[BlackElo "2111"]
[PlyCount "78"]
[EventDate "2002.07.26"]

1. f4 d5 2. Nf3 Nf6 3. e3 g6 4. c4 c6 5. d4 Bg7 6. Bd3 O-O 7. O-O e6 8. Ne5 b6
9. Nd2 Bb7 10. Ndf3 Nbd7 11. Bd2 Rc8 12. Be1 Ne4 13. Bh4 Qe8 14. Qa4 Nxe5 15.
fxe5 a6 16. Qb4 b5 17. cxb5 cxb5 18. a4 Bc6 19. axb5 Bxb5 20. Bxb5 Qxb5 21.
Qxb5 axb5 22. Ra5 Bh6 23. Re1 Rb8 24. Re2 Rfc8 25. Ra1 b4 26. Ne1 Rc6 27. Nd3
b3 28. Nf2 Rc2 29. Kf1 Nd2+ 30. Ke1 Bf8 31. Nd3 Nc4 32. Bg5 h6 33. Bh4 Rc8 34.
Ra6 g5 35. Bf2 Nxb2 36. Nxb2 Rc1+ 37. Nd1 Bb4+ 38. Kf1 Rxd1+ 39. Be1 Rcc1 0-1

[Event "I Open"]
[Site "Bergamo ITA"]
[Date "2002.07.27"]
[Round "4"]
[White "Trotto, Pierangelo"]
[Black "Bednarich, Jan"]
[Result "0-1"]
[WhiteElo "1755"]
[BlackElo "2221"]
[PlyCount "68"]
[EventDate "2002.07.26"]

1. e4 c5 2. Nf3 e6 3. d4 cxd4 4. Nxd4 a6 5. Nc3 b5 6. Bd3 Qb6 7. Nb3 Qc7 8. O-O
Bb7 9. Be3 Nf6 10. f3 d6 11. a3 Nbd7 12. f4 Be7 13. Qe1 Rc8 14. Rd1 O-O 15. Kh1
e5 16. Rf3 Nb6 17. Rh3 Nc4 18. Nd5 Nxd5 19. exd5 f5 20. Bc1 Bxd5 21. Bxf5 Bxg2+
22. Kxg2 Rxf5 23. Qe4 Rcf8 24. Rdd3 Qc8 25. Nd4 exd4 26. Qxe7 Qc6+ 27. Kg1 Ne3
28. Bxe3 dxe3 29. Qe6+ R5f7 30. Rdxe3 Qxc2 31. Re4 Qxb2 32. f5 Qf6 33. Rd3 Qxf5
34. Qxf5 Rxf5 0-1

[Event "I Open"]
[Site "Bergamo ITA"]
[Date "2002.07.28"]
[Round "5"]
[White "Agnelli, Francesco"]
[Black "Cammarota, Vittorio"]
[Result "1-0"]
[WhiteElo "2146"]
[BlackElo "1684"]
[PlyCount "43"]
[EventDate "2002.07.26"]

1. e4 c5 2. Nf3 Nc6 3. d4 cxd4 4. Nxd4 Nf6 5. Nc3 e5 6. Ndb5 d6 7. Bg5 a6 8.
Na3 b5 9. Bxf6 gxf6 10. Nd5 Bg7 11. c3 f5 12. exf5 Bxf5 13. Nc2 Rb8 14. Nce3
Bc8 15. Qh5 b4 16. Bd3 bxc3 17. bxc3 Qa5 18. O-O Nd8 19. Qg5 O-O 20. Nf6+ Kh8
21. Qh4 h6 22. Qe4 1-0

[Event "I Open"]
[Site "Bergamo ITA"]
[Date "2002.07.28"]
[Round "5"]
[White "Barlocco, Carlo"]
[Black "Lorusso, Giuseppe"]
[Result "1-0"]
[WhiteElo "2136"]
[BlackElo "1708"]
[PlyCount "93"]
[EventDate "2002.07.26"]

1. e4 c5 2. f4 d6 3. Nf3 Nc6 4. Bb5 Bd7 5. O-O e6 6. c3 Nf6 7. Re1 Be7 8. d4
O-O 9. d5 exd5 10. exd5 Nb8 11. a4 Re8 12. Na3 Bf8 13. Be3 Na6 14. Qd2 Nc7 15.
c4 Ng4 16. Nc2 Nxe3 17. Nxe3 Re4 18. g3 Nxb5 19. axb5 Qf6 20. Qd3 Rae8 21. Ng5
Qd4 22. Qc2 Bf5 23. Nxe4 Bxe4 24. Qc3 Qxc3 25. bxc3 Ra8 26. Ra3 g6 27. Rea1 a6
28. bxa6 bxa6 29. Rxa6 Rb8 30. g4 Rb3 31. g5 Rxc3 32. R6a3 Bg7 33. Rxc3 Bxc3
34. Ra8+ Kg7 35. Kf2 Bd4 36. Ke2 h6 37. h4 hxg5 38. hxg5 f5 39. Ra7+ Kf8 40.
Rd7 Be5 41. fxe5 dxe5 42. d6 Ke8 43. Re7+ Kd8 44. Nd5 Bxd5 45. cxd5 c4 46. Rxe5
Kd7 47. Re6 1-0

[Event "I Open"]
[Site "Bergamo ITA"]
[Date "2002.07.28"]
[Round "5"]
[White "Bednarich, Jan"]
[Black "Del Monte, Jorge Luis"]
[Result "1-0"]
[WhiteElo "2221"]
[BlackElo "2046"]
[PlyCount "67"]
[EventDate "2002.07.26"]

1. Nf3 c5 2. c4 Nf6 3. Nc3 g6 4. g3 Bg7 5. d4 O-O 6. d5 b5 7. Nxb5 e6 8. dxe6
fxe6 9. Bg2 d5 10. O-O Qb6 11. Bf4 a6 12. Nc3 Rd8 13. Na4 Qa7 14. Rc1 Bb7 15.
Bc7 Nbd7 16. Bxd8 Rxd8 17. Ng5 Re8 18. Bh3 Nf8 19. cxd5 Bxd5 20. Nxc5 Bh6 21.
f4 N8d7 22. Qd4 Bf8 23. Ncxe6 Qxd4+ 24. Nxd4 Bc5 25. Rfd1 Bb6 26. Kf1 Nc5 27.
b4 Nce4 28. Rc8 Rxc8 29. Bxc8 Nc3 30. Rd3 Bxa2 31. Rxc3 Bxd4 32. Ra3 Bb1 33.
Bxa6 Ng4 34. Bc4+ 1-0

[Event "I Open"]
[Site "Bergamo ITA"]
[Date "2002.07.28"]
[Round "5"]
[White "Cacco, Christian"]
[Black "Pegoraro, Nicola"]
[Result "1-0"]
[WhiteElo "2248"]
[BlackElo "2086"]
[PlyCount "87"]
[EventDate "2002.07.26"]

1. d4 f5 2. g3 Nf6 3. Bg2 g6 4. b3 Bg7 5. Bb2 d6 6. Nd2 c5 7. e3 Qc7 8. d5 e5
9. dxe6 Bxe6 10. c4 Nc6 11. Nh3 Ne5 12. Qc2 O-O 13. O-O Rae8 14. Rad1 Bd7 15.
Nf4 Bc6 16. Bd5+ Kh8 17. Ne6 Rxe6 18. Bxe6 Qe7 19. Bxe5 Qxe6 20. Bxf6 Rxf6 21.
Qd3 g5 22. f3 h5 23. Rde1 Rh6 24. Kf2 h4 25. Ke2 Qe5 26. Kd1 Qa1+ 27. Qb1 Qe5
28. Re2 hxg3 29. hxg3 Qe6 30. Qd3 Qf6 31. Ree1 Kg8 32. e4 f4 33. e5 dxe5 34. g4
Rh2 35. Re2 Rxe2 36. Kxe2 e4 37. Nxe4 Qb2+ 38. Qd2 Bxe4 39. Qxb2 Bxf3+ 40. Kxf3
Bxb2 41. Re1 Bf6 42. Re8+ Kf7 43. Rb8 b6 44. Rb7+ 1-0

[Event "I Open"]
[Site "Bergamo ITA"]
[Date "2002.07.28"]
[Round "5"]
[White "Carrara, Diego"]
[Black "Rombaldoni, Denis"]
[Result "0-1"]
[WhiteElo "1726"]
[BlackElo "1903"]
[PlyCount "118"]
[EventDate "2002.07.26"]

1. e4 c6 2. d4 d5 3. Nd2 dxe4 4. Nxe4 Nf6 5. Nxf6+ gxf6 6. c3 Qd5 7. Qf3 Bf5 8.
Qxd5 cxd5 9. Bf4 Nc6 10. Bb5 a6 11. Bxc6+ bxc6 12. Ne2 Bg7 13. f3 e5 14. Be3
O-O 15. Kf2 Rfe8 16. Rhe1 a5 17. b3 Bf8 18. a3 Bd3 19. g3 Bg7 20. Ng1 f5 21.
Ne2 Reb8 22. b4 Bxe2 23. Kxe2 axb4 24. axb4 Rxa1 25. Rxa1 exd4 26. cxd4 Bf8 27.
Rb1 Rxb4 28. Rxb4 Bxb4 29. Kd3 Kf8 30. Kc2 Ke7 31. Kb3 Ba5 32. Bc1 Bb6 33. Ba3+
Ke6 34. Kc3 Bc7 35. Kd3 Bd6 36. Bc1 c5 37. dxc5 Bxc5 38. Bf4 Bd6 39. Bg5 Be5
40. Be3 h5 41. f4 Bf6 42. Bf2 Kd6 43. Be1 Kc6 44. Bb4 Kd7 45. Be1 Ke6 46. Bf2
Bd8 47. h3 Bc7 48. Bc5 h4 49. Bf2 Kd7 50. Be1 Ke6 51. Bf2 hxg3 52. Bxg3 Bb6 53.
Bh4 Bc5 54. Be1 Kf6 55. Bc3+ Kg6 56. Bd4 Bd6 57. Be5 Bxe5 58. fxe5 f4 59. Kd4
Kf5 0-1

[Event "I Open"]
[Site "Bergamo ITA"]
[Date "2002.07.28"]
[Round "5"]
[White "Chiaretti, Roberto"]
[Black "Sardo, Andrea"]
[Result "1-0"]
[WhiteElo "2199"]
[BlackElo "1728"]
[PlyCount "53"]
[EventDate "2002.07.26"]

1. d4 Nf6 2. Nf3 b6 3. e3 Bb7 4. Bd3 e6 5. O-O Be7 6. Nbd2 d5 7. Qe2 Ne4 8. Ne5
O-O 9. f3 Nxd2 10. Bxd2 Nd7 11. f4 f5 12. g4 c5 13. c3 g6 14. Rf3 Nxe5 15. fxe5
Bc8 16. Raf1 c4 17. Bc2 Rf7 18. e4 Bg5 19. exf5 gxf5 20. gxf5 Bxd2 21. Qxd2
exf5 22. Bxf5 Bxf5 23. Rxf5 Rxf5 24. Rxf5 Qh4 25. Qf2 Qh6 26. Qf4 Qh3 27. Qg5+
1-0

[Event "I Open"]
[Site "Bergamo ITA"]
[Date "2002.07.28"]
[Round "5"]
[White "Contin, Daniel"]
[Black "Bemporad, Filippo"]
[Result "1-0"]
[WhiteElo "2334"]
[BlackElo "2111"]
[PlyCount "111"]
[EventDate "2002.07.26"]

1. e4 c5 2. Nf3 d6 3. d4 cxd4 4. Nxd4 Nf6 5. Nc3 e6 6. Be2 Be7 7. Be3 O-O 8.
O-O a6 9. f4 Qc7 10. a4 Nc6 11. Nb3 b6 12. g4 Bb7 13. g5 Nd7 14. Rf3 Rfe8 15.
Rh3 Nb4 16. Bd3 Nf8 17. Qe2 g6 18. Qf2 Nd7 19. Rf1 f5 20. Nd4 Bf8 21. Qh4 Nc5
22. Bc4 d5 23. Nxe6 Rxe6 24. exd5 Rd6 25. a5 b5 26. Bxc5 bxc4 27. Bxb4 Rd7 28.
Bxf8 Rxf8 29. Qe1 Qxa5 30. Qe6+ Rdf7 31. Re3 Qc5 32. h4 Bc8 33. Qe5 Rd8 34. Rd1
Bb7 35. Qd4 Qxd4 36. Rxd4 Rfd7 37. Re5 Kf7 38. Kf2 Re7 39. Ke3 Rde8 40. Rxc4
Rxe5+ 41. fxe5 Rxe5+ 42. Kd4 Re8 43. Rc7+ Re7 44. Rxe7+ Kxe7 45. Ne2 a5 46. c4
Ba6 47. Nf4 Kd6 48. c5+ Kd7 49. Ke5 Bc4 50. Ne6 Ke7 51. d6+ Kd7 52. Nd4 a4 53.
c6+ Kd8 54. Ne6+ Bxe6 55. Kxe6 f4 56. c7+ 1-0

[Event "I Open"]
[Site "Bergamo ITA"]
[Date "2002.07.28"]
[Round "5"]
[White "De Santis, Alessio"]
[Black "Guglielmi, Dante"]
[Result "1-0"]
[WhiteElo "2243"]
[BlackElo "1747"]
[PlyCount "43"]
[EventDate "2002.07.26"]

1. d4 d5 2. c4 e6 3. Nc3 Nf6 4. cxd5 exd5 5. Bg5 Be7 6. e3 Nbd7 7. Bd3 O-O 8.
Qc2 c6 9. Nge2 Re8 10. O-O Nf8 11. f3 h6 12. Bh4 g5 13. Bf2 Ne6 14. Kh1 Bd6 15.
e4 dxe4 16. fxe4 Ng4 17. e5 Nxf2+ 18. Rxf2 Nxd4 19. Bh7+ Kg7 20. Rxf7+ Kxf7 21.
Qg6+ Ke7 22. Qf6+ 1-0

[Event "I Open"]
[Site "Bergamo ITA"]
[Date "2002.07.28"]
[Round "5"]
[White "Dondi, Renzo"]
[Black "Pinarelli, Giuseppe"]
[Result "1-0"]
[WhiteElo "1633"]
[BlackElo "1794"]
[PlyCount "74"]
[EventDate "2002.07.26"]

1. Nf3 Nf6 2. e3 d5 3. c4 c6 4. Be2 g6 5. O-O Bg7 6. d4 O-O 7. Nbd2 Nbd7 8. b3
c5 9. Bb2 cxd4 10. exd4 dxc4 11. Nxc4 Nb6 12. Nce5 Nbd5 13. Rc1 Bh6 14. Ra1 Nf4
15. Bc4 N6d5 16. Re1 Ne6 17. Ng4 Bg7 18. Nge5 Nb6 19. Nxf7 Rxf7 20. Bxe6 Bxe6
21. Rxe6 Qd5 22. Qe2 Rxf3 23. gxf3 Qg5+ 24. Kh1 Nd5 25. Rg1 Qh5 26. Bc1 Rc8 27.
Qe4 Nc3 28. Qg4 Qxg4 29. fxg4 Nxa2 30. Be3 Kf7 31. d5 Nb4 32. Re4 Nxd5 33. Bxa7
Rc3 34. b4 Rb3 35. Rge1 e5 36. Bc5 b6 37. Bd6 Nxb4 1-0

[Event "I Open"]
[Site "Bergamo ITA"]
[Date "2002.07.28"]
[Round "5"]
[White "Dragojlovic, Andjelko"]
[Black "Rigamonti, Stefano"]
[Result "1-0"]
[WhiteElo "2351"]
[BlackElo "1863"]
[PlyCount "105"]
[EventDate "2002.07.26"]

1. e4 e5 2. Nc3 Nf6 3. Bc4 Bc5 4. d3 d6 5. Na4 Nbd7 6. Nxc5 Nxc5 7. b4 Na4 8.
Bb3 Nc3 9. Qd2 Nb5 10. c3 a5 11. bxa5 c6 12. Ne2 Qxa5 13. O-O O-O 14. f4 Bg4
15. Bb2 Bxe2 16. Qxe2 Nxc3 17. Qe1 Na4 18. fxe5 Qxe1 19. Raxe1 Nxb2 20. exf6
Nxd3 21. fxg7 Kxg7 22. Rd1 Nc5 23. Rxd6 Nxb3 24. axb3 Ra3 25. Rf3 Ra1+ 26. Kf2
Ra2+ 27. Kg3 Ra5 28. Rd7 Re5 29. Rxb7 Rxe4 30. h4 Kg6 31. Rc7 Re6 32. Rc3 Kh5
33. Kh3 f5 34. Rxh7+ Kg6 35. Rc7 Rff6 36. Rg3+ Kh6 37. Rgg7 Re3+ 38. Rg3 Rfe6
39. b4 f4 40. Rf3 Rxf3+ 41. gxf3 Rg6 42. Kh2 Rg3 43. Rxc6+ Kh5 44. Rc3 Kxh4 45.
b5 Rg5 46. Rb3 Rc5 47. b6 Rc2+ 48. Kg1 Kg3 49. Kf1 Rc8 50. b7 Rb8 51. Ke2 Kg2
52. Rb6 Kg3 53. Rg6+ 1-0

[Event "I Open"]
[Site "Bergamo ITA"]
[Date "2002.07.28"]
[Round "5"]
[White "Gosio, Denis"]
[Black "Brunelli, Giovanni"]
[Result "1-0"]
[WhiteElo "2154"]
[BlackElo "1600"]
[PlyCount "71"]
[EventDate "2002.07.26"]

1. e4 c5 2. Nf3 d6 3. d4 cxd4 4. Nxd4 Nf6 5. Nc3 a6 6. Be3 e6 7. Be2 Be7 8. O-O
O-O 9. f4 Qc7 10. Kh1 b5 11. a3 Bb7 12. Bd3 Nbd7 13. Qf3 Nc5 14. Rae1 d5 15. e5
Nfe4 16. Bxe4 Nxe4 17. Nxe4 dxe4 18. Qg3 Rfd8 19. f5 Rd5 20. f6 Bf8 21. fxg7
Bxg7 22. c3 Kh8 23. Bf4 Rg8 24. Qh4 Rd7 25. Qh5 Qc4 26. Rg1 Qd5 27. Re3 f5 28.
Rg3 Rdd8 29. Rh3 Bh6 30. Qxh6 Qd7 31. Bg5 Rxg5 32. Qxg5 Rg8 33. Qf6+ Qg7 34.
Nxe6 Qxf6 35. exf6 e3 36. Rxe3 1-0

[Event "I Open"]
[Site "Bergamo ITA"]
[Date "2002.07.28"]
[Round "5"]
[White "Inkiov, Ventzislav V."]
[Black "Naumkin, Igor"]
[Result "1/2-1/2"]
[WhiteElo "2421"]
[BlackElo "2436"]
[PlyCount "20"]
[EventDate "2002.07.26"]

1. e4 e6 2. d4 d5 3. e5 c5 4. c3 Nc6 5. Nf3 Qb6 6. Be2 cxd4 7. cxd4 Nge7 8. Na3
Nf5 9. Nc2 Bd7 10. O-O Be7 1/2-1/2

[Event "I Open"]
[Site "Bergamo ITA"]
[Date "2002.07.28"]
[Round "5"]
[White "Laketic, Gojko"]
[Black "Efimov, Igor"]
[Result "0-1"]
[WhiteElo "2448"]
[BlackElo "2463"]
[PlyCount "90"]
[EventDate "2002.07.26"]

1. d4 e6 2. c4 c5 3. d5 exd5 4. cxd5 d6 5. Nc3 g6 6. Nf3 Bg7 7. g3 Ne7 8. Bg2
O-O 9. O-O Na6 10. Nd2 Nc7 11. Nc4 Nf5 12. Bf4 g5 13. Bd2 h6 14. a4 b6 15. e3
Ba6 16. b3 Qf6 17. Ra2 Rad8 18. f4 Bxc4 19. Ne4 Qg6 20. bxc4 g4 21. Nf2 h5 22.
Qb1 Ne7 23. Be4 f5 24. Bd3 Na6 25. a5 Rb8 26. Qb5 Nb4 27. Bxb4 bxa5 28. Qd7
axb4 29. Qxe7 Rbe8 30. Qd7 Rxe3 31. Rxa7 h4 32. Kg2 h3+ 33. Kh1 b3 34. Rc7 Bd4
35. Rc8 Rxc8 36. Qxc8+ Re8 37. Bxf5 Qf7 38. Qc6 Bxf2 39. Be6 Rxe6 40. dxe6 Qxe6
41. Ra1 Bd4 42. Qa8+ Kh7 43. Ra7+ Kg6 44. f5+ Kxf5 45. Qf8+ Bf6 0-1

[Event "I Open"]
[Site "Bergamo ITA"]
[Date "2002.07.28"]
[Round "5"]
[White "Miatello, Alberto"]
[Black "Ceresoli, Luigi"]
[Result "0-1"]
[WhiteElo "1878"]
[BlackElo "2204"]
[PlyCount "66"]
[EventDate "2002.07.26"]

1. e4 e5 2. Nf3 Nc6 3. Be2 Nf6 4. d4 exd4 5. e5 Ne4 6. O-O d5 7. Nxd4 Nxe5 8.
f3 Nd6 9. f4 Nc6 10. Nc3 Ne4 11. Bb5 Bc5 12. Kh1 O-O 13. Nxc6 bxc6 14. Bxc6 Qf6
15. Nxe4 Qxc6 16. Nxc5 Qxc5 17. Qd3 d4 18. b4 Qd6 19. b5 Bb7 20. Bb2 Rad8 21.
c4 Rfe8 22. Ba3 c5 23. Rae1 Rxe1 24. Rxe1 Qxf4 25. Bxc5 Qg5 26. Qe2 Qxc5 27.
Qe8+ Rxe8 28. Rxe8+ Qf8 29. Rxf8+ Kxf8 30. Kg1 Ke7 31. c5 Ke6 32. c6 Bxc6 33.
bxc6 Kd6 0-1

[Event "I Open"]
[Site "Bergamo ITA"]
[Date "2002.07.28"]
[Round "5"]
[White "Punteri, Marco"]
[Black "Braghetta, Sergio"]
[Result "0-1"]
[WhiteElo "1903"]
[BlackElo "2265"]
[PlyCount "62"]
[EventDate "2002.07.26"]

1. d4 d5 2. c4 e6 3. Nc3 Nf6 4. cxd5 exd5 5. Bg5 Be7 6. e3 c6 7. Bd3 O-O 8. Qc2
Nbd7 9. Nge2 Re8 10. O-O Nf8 11. a3 a5 12. f3 g6 13. Bh4 Ne6 14. Rad1 b5 15.
Rd2 Ba6 16. Kh1 Qd7 17. Nc1 Ng4 18. Bf2 Nxf2+ 19. Rdxf2 c5 20. e4 Nxd4 21. Qd2
Bb7 22. exd5 b4 23. axb4 axb4 24. N3e2 Bf6 25. Be4 Bxd5 26. Bxd5 Qxd5 27. Nxd4
Bxd4 28. Ne2 b3 29. Nxd4 cxd4 30. Qd3 Re3 31. Qd2 Rc8 0-1

[Event "I Open"]
[Site "Bergamo ITA"]
[Date "2002.07.28"]
[Round "5"]
[White "Rossi, Giampiero"]
[Black "Mione, Dario"]
[Result "1/2-1/2"]
[WhiteElo "2064"]
[BlackElo "2271"]
[PlyCount "90"]
[EventDate "2002.07.26"]

1. d4 d5 2. c4 e5 3. dxe5 d4 4. Nf3 Nc6 5. g3 Bf5 6. a3 Qd7 7. Nbd2 O-O-O 8. b4
d3 9. e4 Bg4 10. Bb2 f6 11. b5 Nxe5 12. Bxe5 Bxf3 13. Nxf3 fxe5 14. Bg2 Nf6 15.
O-O Nxe4 16. Nxe5 Qf5 17. Bxe4 Qxe4 18. Nf7 Bc5 19. Nxh8 Rxh8 20. h3 Rf8 21.
Qg4+ Qxg4 22. hxg4 Rd8 23. Ra2 Bb6 24. Rd1 Ba5 25. a4 b6 26. Ra3 d2 27. Rf3 Kb7
28. Kf1 g5 29. Ke2 Rd4 30. Rf7 h6 31. Rf6 Rxc4 32. Rxh6 Rxg4 33. Rg6 Re4+ 34.
Kd3 Re1 35. Rxd2 Bxd2 36. Kxd2 Re5 37. Kd3 Rf5 38. Ke3 a6 39. bxa6+ Kxa6 40.
Rc6 Ka5 41. Rc4 c5 42. f4 gxf4+ 43. gxf4 b5 44. axb5 Kxb5 45. Rc1 Kb4 1/2-1/2

[Event "I Open"]
[Site "Bergamo ITA"]
[Date "2002.07.28"]
[Round "5"]
[White "Schiatti, Piero"]
[Black "Cambieri, Mario"]
[Result "1/2-1/2"]
[WhiteElo "1831"]
[BlackElo "1660"]
[PlyCount "75"]
[EventDate "2002.07.26"]

1. d4 Nf6 2. Nf3 e6 3. g3 c5 4. c4 cxd4 5. Nxd4 Nc6 6. Nb5 d5 7. Bg2 Bb4+ 8.
Bd2 O-O 9. O-O Bxd2 10. Nxd2 a6 11. Nc3 d4 12. Nce4 Nxe4 13. Bxe4 f5 14. Bxc6
bxc6 15. Nf3 c5 16. b4 Bb7 17. bxc5 Bxf3 18. exf3 e5 19. Re1 Re8 20. Qd3 Qf6
21. Rab1 Rab8 22. Rb3 Rec8 23. Rb6 Rxb6 24. cxb6 Qxb6 25. Rxe5 g6 26. Rd5 Rd8
27. Rxd8+ Qxd8 28. Kf1 Kf7 29. Ke2 Qe7+ 30. Kd1 Qc5 31. Kd2 Ke7 32. Qe2+ Kd7
33. Kd3 Kd6 34. f4 Qa3+ 35. Kxd4 Qc5+ 36. Kd3 Qa3+ 37. Kd4 Qc5+ 38. Kd3 1/2-1/2

[Event "I Open"]
[Site "Bergamo ITA"]
[Date "2002.07.28"]
[Round "5"]
[White "Venturini, Fabiano"]
[Black "Piantoni, Roberto"]
[Result "0-1"]
[WhiteElo "1731"]
[BlackElo "2171"]
[PlyCount "84"]
[EventDate "2002.07.26"]

1. e4 Nf6 2. e5 Nd5 3. d4 d6 4. Nf3 Bg4 5. Bc4 e6 6. h3 Bh5 7. Nbd2 Nb6 8. Bd3
Nc6 9. exd6 cxd6 10. g4 Bg6 11. Nb3 Be7 12. c3 Rc8 13. O-O O-O 14. Kg2 Qc7 15.
a4 e5 16. Bxg6 fxg6 17. d5 Nb8 18. Ng5 Bxg5 19. Bxg5 N8d7 20. a5 Nc4 21. Qe2
Nf6 22. Bxf6 Rxf6 23. a6 b6 24. Nd2 Nxd2 25. Qxd2 Qc4 26. f3 Rc5 27. Rfd1 h5
28. Qd3 Qf4 29. Qe4 Qxe4 30. fxe4 hxg4 31. hxg4 Rf4 32. Rd3 Rxg4+ 33. Rg3 Rxe4
34. Rd1 Re2+ 35. Kg1 Rxb2 36. Rxg6 Rxc3 37. Rxd6 Rg3+ 38. Kf1 e4 39. Re6 e3 40.
Rxe3 Rxe3 41. d6 Re8 42. d7 Rd8 0-1

[Event "I Open"]
[Site "Bergamo ITA"]
[Date "2002.07.28"]
[Round "5"]
[White "Vezzosi, Paolo"]
[Black "Navarro, Stefano"]
[Result "1-0"]
[WhiteElo "2397"]
[BlackElo "2122"]
[PlyCount "127"]
[EventDate "2002.07.26"]

1. d4 d5 2. c4 e6 3. Nc3 Nf6 4. Bg5 c6 5. e3 Nbd7 6. cxd5 exd5 7. Bd3 Be7 8.
Qc2 O-O 9. Nf3 Re8 10. O-O Nf8 11. h3 Ne4 12. Bxe7 Qxe7 13. Bxe4 dxe4 14. Nd2
Bf5 15. f4 h5 16. Ne2 h4 17. Rad1 Nd7 18. Nc3 Nf6 19. Ndb1 Rad8 20. Qf2 Nh5 21.
Ne2 Be6 22. b3 f5 23. Nbc3 Kf7 24. Rd2 Rh8 25. Rc1 Kg8 26. Na4 Nf6 27. Nec3 Bf7
28. Nb2 Rh6 29. Nc4 Bd5 30. Ne5 Ne8 31. Rb2 a5 32. Na4 Nc7 33. Rc5 Ra8 34. Qe1
Qd8 35. Rxa5 Na6 36. Nc5 Nxc5 37. Rxa8 Qxa8 38. dxc5 Qf8 39. Qc3 Qe7 40. b4 Re6
41. Rd2 Qf6 42. b5 Re7 43. bxc6 bxc6 44. Rb2 Ra7 45. Rb8+ Kh7 46. a3 Ra4 47.
Rb4 Ra5 48. Rxe4 Rxa3 49. Qxa3 Bxe4 50. Qa8 Qe7 51. Qa5 Qb7 52. Qe1 Qe7 53. Kh2
Kg8 54. Qa5 Kh7 55. Qb6 Qe8 56. Qb7 Qf8 57. Nf7 Bd5 58. Nd6 Qf6 59. Qd7 Qe6 60.
Qd8 Qg6 61. Qxh4+ Kg8 62. Qg5 Qe6 63. Nxf5 Qd7 64. Ne7+ 1-0

[Event "I Open"]
[Site "Bergamo ITA"]
[Date "2002.07.28"]
[Round "6"]
[White "Bassis, Ivano"]
[Black "Punteri, Marco"]
[Result "1-0"]
[WhiteElo "1663"]
[BlackElo "1903"]
[PlyCount "67"]
[EventDate "2002.07.26"]

1. e4 c5 2. Nf3 g6 3. d3 Bg7 4. g3 Nc6 5. Bg2 e6 6. O-O Nge7 7. c3 O-O 8. Nbd2
b5 9. Nb3 d6 10. e5 d5 11. Nxc5 Nxe5 12. Nxe5 Bxe5 13. d4 Bg7 14. Bf4 Nf5 15.
Qb3 Qb6 16. a4 b4 17. a5 Qb5 18. Rfe1 Rd8 19. Bf1 Qc6 20. Qxb4 Bd7 21. Nxd7
Qxd7 22. Bb5 Qb7 23. a6 Qc8 24. Qa4 Ne7 25. Ra3 h6 26. h4 Kh7 27. Rb3 Bf6 28.
Bd3 Rd7 29. h5 Kg7 30. hxg6 Nxg6 31. Bb5 Rd8 32. Bc6 Nxf4 33. Bxa8 e5 34. dxe5
1-0

[Event "I Open"]
[Site "Bergamo ITA"]
[Date "2002.07.28"]
[Round "6"]
[White "Bemporad, Filippo"]
[Black "Mazzotti, Federico"]
[Result "1-0"]
[WhiteElo "2111"]
[BlackElo "1725"]
[PlyCount "63"]
[EventDate "2002.07.26"]

1. d4 d5 2. Nf3 Nf6 3. c4 e6 4. g3 Be7 5. Bg2 O-O 6. O-O c6 7. Qc2 Nbd7 8. b3
Ne4 9. Bb2 f5 10. Nc3 Nxc3 11. Bxc3 Nf6 12. Ne5 Bd7 13. e3 Rc8 14. Rac1 Be8 15.
Bb2 Bf7 16. Qd3 Qa5 17. Rc2 g6 18. f3 Nh5 19. e4 f4 20. Nxf7 Rxf7 21. Bh3 Ng7
22. cxd5 fxg3 23. hxg3 Rff8 24. Rfc1 Rcd8 25. dxc6 bxc6 26. Kg2 Qg5 27. Qd2
Qxd2+ 28. Rxd2 e5 29. Rxc6 exd4 30. Rxd4 Rxd4 31. Bxd4 Rd8 32. Bc3 1-0